Statistiques concernant Chanson disney le bleu lumière

Cliquez ici pour prendre le quiz!

Statistiques générales

  • Ce quiz a été pris 1 273 fois
  • Le résultat moyen est 208 sur 244

Statistiques - réponses

HintRéponse% Correct
98 | 141l’
100%
68 | 211L’
100%
28à
99%
2 | 9 | 14 | +2 othersbleu
99%
187 | 241d’
99%
10 | 38 | 50 | +4 othersde
99%
103j’
99%
23J’
99%
11 | 71 | 179 | +3 othersla
99%
1 | 174Le
99%
8 | 32 | 65 | +8 othersle
99%
77 | 190 | 199 | 220m’
99%
5n’
99%
13Ce
98%
4 | 75 | 218ciel
98%
6est
98%
17 | 43 | 45 | +4 othersje
98%
149 | 170Je
98%
57 | 93me
98%
72 | 180 | 198 | 215mer
98%
12mer.
98%
173pas.
98%
48pas,
98%
7 | 56pas
98%
15 | 82 | 225que
98%
237Que
98%
3du
97%
16moi
97%
201Moi
97%
119pour
97%
19 | 59sans
97%
29 | 147ma
96%
22pourquoi.
96%
18prefere
96%
21savoir
96%
196lumière,
95%
67lumière.
95%
20vraiment
95%
113 | 133aimer
94%
76 | 92 | 107 | +4 otherset
94%
139Et
94%
44reste
94%
70 | 213ou
93%
30terre.
93%
51 | 55mes
92%
46 | 171ne
92%
25 | 37tant
91%
24aimerais
90%
27fidele
90%
52gestes,
90%
60cesse
89%
49 | 53chacun
89%
35 | 40J’ai
89%
238j’ai
89%
47partirais
89%
58ramene
89%
26rester
89%
73 | 216touche
89%
80 | 143 | 193 | 223un
89%
64Vers
89%
42dire
88%
69 | 212horizon
88%
62 | 151 | 153 | +2 othersles
88%
83 | 183 | 226tous
88%
41beau
87%
79 | 222Cache
87%
81tresor
87%
224trésor
87%
33 | 87 | 230vent
87%
99eau.
85%
34éphémère.
84%
39fois.
84%
184ignorent
84%
84 | 227ignorent.
84%
61malgré
84%
31 | 126Oublier
83%
63promesses.
83%
89 | 121 | 129 | 232qui
83%
105 | 109 | 155plus
82%
111Il
81%
131il
81%
90 | 233se
80%
36essayé
79%
110haut.
79%
118histoire,
78%
138histoire.
78%
114 | 134mon
78%
78 | 200 | 221apelle.
77%
112 | 132faut
77%
115 | 135île
77%
117 | 137son
77%
128 | 162temps
77%
108toujours
77%
104irais
76%
106loin
76%
100Si
74%
85 | 228C’est
73%
88 | 231doucement
73%
91 | 234lève
73%
123encore
71%
182Mais
71%
163mais
71%
130passe
71%
124y
71%
172comprend
70%
125croire.
69%
144jour,
69%
102pars
69%
148place.
69%
236révèle.
68%
94révèle
68%
146trouverai
68%
120ceux
67%
154rendre
67%
122veulent
67%
203veux
67%
242aller
66%
244bas.
66%
188or.
66%
168tout
66%
158accompagner,
65%
142espoir
65%
164cette
64%
240droit
64%
140garder
64%
160prendrai
64%
156grand,
63%
152guider,
63%
185ses
63%
169autrement.
62%
175soleil
62%
186reflets
61%
204voir.
61%
165voix
61%
167pense
60%
178sur
59%
166cachée
58%
181éternelle.
58%
150peux
56%
176vient
56%
177danser
55%
194tapis
54%
205Derrière
53%
189Elle
53%
209nouveaux
53%
207nuages
53%
210rivages.
53%
192sous
50%
191attend
46%

Distribution des résultats

Percentile par nombre de réponses

% des personnes avec chaque résultat

Votre développement - résultats

Vous n’avez pas pris ce quiz